| 000 | 00559nam a22001815i 4500 | ||
|---|---|---|---|
| 001 | 53663 | ||
| 003 | ES-MaACL | ||
| 005 | 20230906162815.0 | ||
| 007 | t| | ||
| 008 | 960529s1865 sp ||||1| spa d | ||
| 040 |
_aAS _bspa _cCCPB | SIC |
||
| 100 | 1 |
_aFernández y Cardín, Joaquín María. _950174 |
|
| 245 | 1 | 0 |
_aElementos de matemáticas. _pAlgebra / _cpor Joaquín María Fernández Cardín. |
| 250 | _a4ª ed. | ||
| 260 |
_aMadrid : _b[s.n.], _c1865 ( _fpor Alejandro Gómez Fuentenebro) |
||
| 300 |
_a232 p. ; _c21 cm. |
||
| 852 |
_aES-MaACL _jG-11028 |
||
| 999 |
_c53663 _d53663 |
||